Guess the Taylor Swift Song (no hints) 182 - Statistics

General Stats
  • This quiz has been taken 51 times
  • The average score is 236 of 311
Answer Stats
Answer % Correct
I
100%
A
97%
a
97%
of
97%
the
97%
The
97%
you
97%
you,
97%
love
94%
me,
94%
me
94%
on
94%
your
94%
Your
94%
all
91%
All
91%
and
91%
And
91%
in
91%
In
91%
is
91%
to
91%
When
91%
you're
91%
for
88%
I'm
88%
like
88%
Like
88%
so
85%
think
85%
But
82%
can
82%
how
82%
It's
82%
I've
82%
that
82%
up
82%
up,
82%
before
79%
know
79%
loved
79%
No
79%
not
79%
Now
79%
now
79%
are
76%
mine
76%
nights
76%
one
76%
they
76%
time
76%
We're
76%
Every
74%
girls
74%
just
74%
say
74%
some
74%
why
74%
Made
71%
made
71%
good
68%
here
68%
more
68%
need
68%
with
68%
"Baby"
65%
out
65%
way
65%
brought
62%
call
62%
everything
62%
fights
62%
forever
62%
heart
62%
knew
62%
late
62%
(ooh)
62%
over
62%
thankful
62%
there's
62%
wanna
62%
dead
59%
end
59%
fallen
59%
kind
59%
street
59%
hands,
56%
mother
56%
someone
56%
straight
56%
without
56%
around
53%
Cryin'
53%
feels
53%
Lame
53%
makin'
53%
name
53%
one's
53%
remember
53%
amazing
50%
cannot
50%
dude
50%
goodbye
50%
home,
50%
into
50%
Led
50%
loyal
50%
mornin'
50%
phone
50%
someone's
50%
taught
50%
alone
47%
bathroom
47%
breakin'
47%
drawn
47%
Fake
47%
handwriting,
47%
intertwined
47%
lady
47%
lines
47%
parallel
47%
teach
47%
Teenage
47%
Treat
47%
Wake
47%
Whose
47%
aligned
44%
feelin'
44%
past
44%
sayin'
44%
Stars
44%
town
44%
woman
44%
Holdin'
41%
killin'
41%
Leave
41%
sneakin'
41%
sixteen
38%
wild
38%
jokes
35%
makeup
35%
Secret
35%
No matching quizzes found
Score Distribution
Percent of People with Each Score
Percentile by Number Answered
Your Score History
You have not taken this quiz